000 01625cam a22004457a 4500
001 000094692
003 CHAP
005 20220329143038.0
008 051019d2005 mx d r 00110 spa d
010 _a91158
011 _a92130
035 _a102693
040 _cCHAP
090 _aTesis
100 0 0 _aHernández Ortega, Martha.
_954423
245 1 0 _aProducción de forraje y eficiencia de utilización mediante pastoreo de sorgo, zacate sudán y maíz /
_c/por Martha Hernández Ortega.
260 _aChapingo, Méx. :
_bEl autor,
_c2005.
300 _a48 h. :
_bgráf. ; cuadros.
502 _aTesis (M. C. en Producción Animal) -- UACH. Departamento de Zootecnia
590 _aALEPH
_b10
_c20130110
_lUCH01
_h1506
590 _aBATCH-UPD
_b10
_c20130110
_lUCH01
_h0547
590 _aBATCH-UPD
_b10
_c20130410
_lUCH01
_h0229
590 _aBATCH-UPD
_b10
_c20130914
_lUCH01
_h1432
590 _aBATCH-UPD
_b10
_c20140324
_lUCH01
_h1452
590 _aBATCH-UPD
_b10
_c20141002
_lUCH01
_h0827
590 _aCONVERSION
_b10
_c20130109
_lUCH01
_h1350
590 _aE12093SGE
_b10
_c20130613
_lUCH01
_h0928
650 1 4 _aForrajes
_xProducción.
_942589
650 1 4 _aMaíz como forraje.
_971109
650 1 4 _aPastoreo.
_985984
650 1 4 _aSorgo como forraje.
_9108743
650 1 4 _aZacate sudán.
_9123399
856 _3Finding aid
_uhttp://10.13.5.2/tesis/102693.pdf
_zTeclea aquí
901 _aBK
905 _aMarco A. Mendoza T.
942 _cCD
942 _n0
949 _aTesis
_bBC
_cTES
_d1026931
_eTS1
_gDonaciØn
_h44203
_i102693
_sb
949 _aTesis
_bBC
_cTES
_d33724000965356
_eTS2
_fc.2
_gDonaciØn
_h44204
_i102693
_si
999 _c91158
_d91158